| 000 | 01182nam a22003377a 4500 | ||
|---|---|---|---|
| 003 | CHAP | ||
| 005 | 20220329135554.0 | ||
| 008 | 971013s1995 r 00010 d | ||
| 010 | _a38719 | ||
| 011 | _a39691 | ||
| 035 | _a43816 | ||
| 040 | _cCHAP | ||
| 090 | _aTesis | ||
| 100 | 0 | 0 |
_aNavarrete Colín, Rodolfo. _980504 |
| 245 | _aEvaluación financiera de la producción de conejo en el municipio del Atlacomulco, Estado de México | ||
| 260 |
_aChapingo, Méx. : _bEl autor, _c1995 |
||
| 300 |
_a93 h. _b: gráfs. |
||
| 502 | _aTesis (Ing. Agr. Esp. en Economía Agrícola) -- UACH. Departamento de Economía Agrícola | ||
| 590 |
_aALEPH _b10 _c20130110 _lUCH01 _h1304 |
||
| 590 |
_aBATCH-UPD _b10 _c20130110 _lUCH01 _h1553 |
||
| 590 |
_aBATCH-UPD _b10 _c20130410 _lUCH01 _h0951 |
||
| 590 |
_aBATCH-UPD _b10 _c20130914 _lUCH01 _h1027 |
||
| 590 |
_aCONVERSION _b10 _c20130109 _lUCH01 _h1322 |
||
| 650 | 1 | 4 |
_aConejos _xCostos de producción. _926356 |
| 650 | 1 | 4 |
_aConejos _xProducción. _926375 |
| 650 | 1 | 4 |
_aCunicultura. _930449 |
| 901 | _aBK | ||
| 942 | _cFOLL | ||
| 949 |
_bBC _cTES _d-100215 _eTS1 _h27398 _i43816 _si |
||
| 949 |
_bBC _cTES _d33724000934584 _eTS2 _fc.2 _h27399 _i43816 _si |
||
| 999 |
_c38719 _d38719 |
||